El Tabac i la salut
Descripción Física:
9 p. ; 21 cm
Colección:
Salut pública (Barcelona (Catalunya : Província). Diputació)
; 1
Materias:
Tabac -- Efectes fisiològics
Idioma:
Catalán
MARC
| LEADER | 00000nam a2200000Ia 4500 | ||
|---|---|---|---|
| 001 | 9576 | ||
| 003 | Arxiu | ||
| 005 | 20260324175224.0 | ||
| 008 | 160829s1991 spc xx s cat c | ||
| 040 | |a AGDB | ||
| 080 | |a FU-10-48 | ||
| 245 | 0 | 3 | |a El Tabac i la salut |
| 260 | |a Barcelona : |b Diputació de Barcelona. Servei de Salut Pública i Consum, |c 1991 | ||
| 300 | |a 9 p. ; |c 21 cm | ||
| 490 | 1 | |a Salut pública ; |v 1 | |
| 650 | |a Tabac |x Efectes fisiològics |9 31502 | ||
| 710 | |a Barcelona (Catalunya : Província). |b Servei de Salut Pública i Consum |9 8151 | ||
| 830 | 0 | |9 56037 |a Salut pública (Barcelona (Catalunya : Província). Diputació) |v 1 | |
| 901 | |a Arxiu | ||
| 942 | |n 1 |2 udc |c ARXIU | ||
| 952 | |0 0 |1 0 |4 0 |6 FU1048 |7 1 |9 41901 |a Arxiu |b Arxiu |d 2016-12-01 |l 0 |o FU-10-48 |p 9576 |r 2016-12-01 00:00:00 |w 2016-12-01 |y ARXIU | ||
| 999 | |c 44348 |d 44348 | ||